Statistics for Call of Duty League - Teams

Click here to take the quiz!

General Stats

  • This quiz has been taken 24 times
  • The average score is 13 of 17

Answer Stats

Answer% Correct
Atlanta FaZe
94%
Los Angeles Thieves
94%
New York Subliners
94%
OpTic Texas
94%
Toronto Ultra
94%
Los Angeles Guerillas
88%
Seattle Surge
88%
Las Vegas Legion
76%
London Royal Ravens
76%
Minnesota Røkkr
76%
Paris Legion
76%
Florida Mutineers
71%
Boston Breach
65%
Dallas Empire
59%
Chicago Huntsmen
53%
OpTic Chicago
35%
OpTic Gaming LA
35%

Score Distribution

Percentile by Number Answered

Percent of People with Each Score

Your Score History

You have not taken this quiz